LDR 00803nam a2200205 i 4500 001 000000063001 003 CaOOAMICUS 005 20260515142631.0 008 130326s1960 xx u000 u ger u 013 $a34173 040 $aSeMil$bita 245 14$aDie christliche Lehre von Gott /$cEmil Brunner. 264 1$aZürich ; Stuttgart :$bZwingli,$c1960. 300 $a363 p. ;$c21 cm 773 0 $aBrunner, Emil <1889-1966>$tDogmatik.$b3. Aufl.$dZürich ; Stuttgart : Zwingli, 1960.$g1$w()28258 850 $aSeMil 852 $aSeMil$W1$xVenegono$y1$m2B II 668$j272062$B29154$CSeMilBibl$Z2$F29157 $81 996 $6245$aDie christliche Lehre von Gott$9(OLS)http://semarc/title/99277 996 $6264$aZürich ; Stuttgart :$bZwingli$9(OLS)http://semarc/publisher/32408